The Impact of Conflict and Political Instability on Banking Crises in Developing Countries /

While there is an extensive literature examining the economic impact of conflict and political instability, surprisingly there have been few studies on their impact on the probability of banking crises. This paper therefore investigates whether rising conflict and political instability globally over...

ver descrição completa

Detalhes bibliográficos
Autor principal: Compaore, Ali
Outros Autores: Mlachila, Montfort, Ouedraogo, Rasmane, Sourouema, Sandrine
Formato: Periódico
Idioma:English
Publicado em: Washington, D.C. : International Monetary Fund, 2020.
Colecção:IMF Working Papers; Working Paper ; No. 2020/041
Acesso em linha:Full text available on IMF
LEADER 02213cas a2200277 a 4500
001 AALejournalIMF016239
008 230101c9999 xx r poo 0 0eng d
020 |c 5.00 USD 
020 |z 9781513530055 
022 |a 1018-5941 
040 |a BD-DhAAL  |c BD-DhAAL 
100 1 |a Compaore, Ali. 
245 1 4 |a The Impact of Conflict and Political Instability on Banking Crises in Developing Countries /  |c Ali Compaore, Montfort Mlachila, Rasmane Ouedraogo, Sandrine Sourouema. 
264 1 |a Washington, D.C. :  |b International Monetary Fund,  |c 2020. 
300 |a 1 online resource (40 pages) 
490 1 |a IMF Working Papers 
500 |a <strong>Off-Campus Access:</strong> No User ID or Password Required 
500 |a <strong>On-Campus Access:</strong> No User ID or Password Required 
506 |a Electronic access restricted to authorized BRAC University faculty, staff and students 
520 3 |a While there is an extensive literature examining the economic impact of conflict and political instability, surprisingly there have been few studies on their impact on the probability of banking crises. This paper therefore investigates whether rising conflict and political instability globally over the past several decades led to increased occurrence of banking crises in developing countries. The paper provides strong evidence that conflicts and political instability are indeed associated with higher probability of systemic banking crises. Unsurprisingly, the duration of a conflict is positively associated with rising probability of a banking crisis. Interestingly, the paper also finds that conflicts and political instability in one country can have negative spillover effects on neighboring countries' banking systems. The paper provides evidence that the primary channel of transmission is the occurrence of fiscal crises following a conflict or political instability. 
538 |a Mode of access: Internet 
700 1 |a Mlachila, Montfort. 
700 1 |a Ouedraogo, Rasmane. 
700 1 |a Sourouema, Sandrine. 
830 0 |a IMF Working Papers; Working Paper ;  |v No. 2020/041 
856 4 0 |z Full text available on IMF  |u http://elibrary.imf.org/view/journals/001/2020/041/001.2020.issue-041-en.xml  |z IMF e-Library